000 01384nam a2200217 a 4500
008 120416s1962 ||||||||||||||||| || u
050 _aQC 523 Roy
110 _aRoyal Electrical and Mechanical Engineers
245 1 0 _aBasic electricity
260 _aLondon
_bThe Technical Press
_c1962
300 _a5vols. : ill.
350 _a0.00
650 _aELECTRICITY
650 _aBASIC ELECTRICITY
995 _aMAIN LIBRARY OPEN ACCESS
_D0.00
_e714642
_FCBU-MAIN LIBRARY (Kitwe)
_H4
_I1.00
_jQC 523 Roy
_M6
_UWEEDED
_VAug 31, 2017
_y012091
_ZMain Library Open Access Collection
995 _aANNEX COLLECTION (Main Library)
_D0.00
_e714641
_FCBU-MAIN LIBRARY (Kitwe)
_H6
_I1.00
_jQC 523 Roy
_M2
_UAVAILABLE
_y012092
_ZAnnex Low-Usage Collection
995 _aMAIN LIBRARY OPEN ACCESS
_D0.00
_e714644
_FCBU-MAIN LIBRARY (Kitwe)
_H2
_I1.00
_jQC 523 Roy
_M5
_UWEEDED
_y714644
_ZMain Library Open Access Collection
995 _aANNEX COLLECTION (Main Library)
_D0.00
_e714643
_FCBU-MAIN LIBRARY (Kitwe)
_H1
_I1.00
_jQC 523 Roy
_M4
_UAVAILABLE
_y012064
_ZAnnex Low-Usage Collection
995 _aMAIN LIBRARY OPEN ACCESS
_D0.00
_e714631
_FCBU-MAIN LIBRARY (Kitwe)
_H3
_I1.00
_jQC 523 Roy
_M1
_UWEEDED
_VJul 25, 2017
_y012090
_ZMain Library Open Access Collection
995 _aMAIN LIBRARY OPEN ACCESS
_D0.00
_e714640
_FCBU-MAIN LIBRARY (Kitwe)
_H5
_I1.00
_jQC 523 Roy
_M3
_UWEEDED
_VAug 31, 2017
_y012094
_ZMain Library Open Access Collection
999 _c84545
_d84545